000 01052nam a22002897a 4500
001 BR2013007231
003 BR-BrBNA
005 20230928104246.0
007 ta
008 230509b bl.||||| |||| 00| 0 por d
040 _aBR-BrBNA
_bpor
_cBiblioteca Nacional de Agricultura
041 _a(Por)
072 _aQ03
_b9410
090 _ 9410 BR2013007231
100 1 _aOliveira, F.A. da S.
110 1 _aUniversidade Federal de Minas Gerais, Belo Horizonte, MG (Brasil). Escola de Veterinária
_0Tese (Mestre em Ciência Animal)
_910868
245 1 _aValidação de um método multirresíduos e multiclassese para determinação e quantificação de 140 resíduos de agrotóxicos em leite através da técnica LC-MS/MS
260 3 _aBelo Horizonte, MG (Brasil):
_c2012.
300 _a142 p.
500 _aBibliography p. 131-142; Summaries (Eng, Por); 56 illus.; 23 tables
650 _aLEITE
650 _aPRODUÇÃO LEITEIRA
650 _aCONTAMINAÇÃO
650 _aAGROTÓXICO
909 _a202309
_bLucia
_c55
_dLucia Elande
942 _cBK
999 _c78956
_d78956